000 00802cam a22002531 4500
001 000014381
005 20200929163609.0
008 771018s1969 ve b 000 0 spa
010 _a78435831
015 _aLACAP69-4405
035 _a(OCoLC)3350843
040 _aDO-SdBNP
_cTNJ
_dDLC
042 _apremarc
050 0 0 _aHX542
_b.M37
100 2 _aMedina Franco, Ramon.
_932481
245 1 0 _aMarxismo y teoria sociologica.
260 _aCaracas, :
_bInstituto de Investigaciones, Facultad de Ciencias Economicas y Sociales, Universidad Central de Venezuela,
_c1969.
300 _a133, [3] p. ;
_c22 cm.
490 1 _aEsquema
504 _aBibliography: p. 131-[134]
650 0 _aCommunism and society.
_932482
830 0 _aColeccion Esquema.
_932483
910 _aCatalogación por copia/LC
999 _c13972
_d13972